000 00834nam a2200241 a 4500
001 504
003 BR-CuiBMT
005 20231129055040.0
008 231108s2016 bab 000 0 por d
020 _a9788544211588
040 _aBR-CuiBMT
_cBR-CuiBMT
080 _22007
_a342.9
_x(079.1)
090 _a342.9(79.1)
_bC331d
100 1 _aCarvalho, Matheus
245 1 0 _aDireito administrativo :
_bquestões comentadas /
_cMatheus Carvalho, Raphael Santana.
260 _aSalvador:
_bJusPODIVM,
_c2016.
300 _a1374 p. ;
_c24 cm
500 _aQuestões de concursos públicos minuciosamente comentadas, com indicação das correntes doutrinárias e jurisprudenciais dominantes.
504 _ainclui índice.
650 _aDireito administrativo
_xQuestões de concurso público
700 _aSantana, Raphael
942 _2udc
_cLV
999 _c504
_d504